[Event "St Petersburg Korchnoi Memorial op"]
[Site "St Petersburg"]
[Date "2019.08.21"]
[Round "8"]
[White "Avakian, Arkadii"]
[Black "Savinov, Leonid"]
[Result "1-0"]
[WhiteElo "1924"]
[BlackElo "2106"]
[PlyCount "59"]
[EventDate "2019.08.14"]
[EventType "swiss"]
[EventRounds "9"]
[EventCountry "RUS"]
[SourceTitle "CBM 192"]
[Source "ChessBase"]
[SourceDate "2019.10.31"]
[SourceVersion "1"]
[SourceVersionDate "2019.10.31"]
[SourceQuality "1"]

1. d4 b6 2. Bf4 Bb7 3. e3 Nf6 4. h3 e6 5. Nf3 Be7 6. Bd3 0-0 7. Nbd2 d6 8. 0-0 Nbd7 9. Bh2 Re8 10. Qe2 Nf8 11. Rad1 d5 12. Ne5 c5 13. Bb5 N8d7 14. Nc6 Qc8 15. Nxe7+ Rxe7 16. c3 e5 17. dxe5 Nxe5 18. Rfe1 a6 19. Bd3 Ng6 20. Nf3 Bc6 21. Bc2 Qd7 22. Bg3 Ne4 23. Bh2 f5 24. Nd2 Rf7 25. Nxe4 fxe4 26. c4 b5 27. cxd5 Bxd5 28. a3 Rf5 29. Rd2 h5 30. Red1 1-0

[Event "St Petersburg Korchnoi Memorial op"]
[Site "St Petersburg"]
[Date "2019.08.20"]
[Round "7"]
[White "Tolstykh, Ivan"]
[Black "Avakian, Arkadii"]
[Result "0-1"]
[WhiteElo "1437"]
[BlackElo "1924"]
[PlyCount "84"]
[EventDate "2019.08.14"]
[EventType "swiss"]
[EventRounds "9"]
[EventCountry "RUS"]
[SourceTitle "CBM 192"]
[Source "ChessBase"]
[SourceDate "2019.10.31"]
[SourceVersion "1"]
[SourceVersionDate "2019.10.31"]
[SourceQuality "1"]

1. d4 Nf6 2. c4 g6 3. g3 Bg7 4. Bg2 0-0 5. Nf3 d6 6. Nc3 Nbd7 7. 0-0 e5 8. dxe5 dxe5 9. Qc2 c6 10. b3 Qe7 11. Bb2 Nc5 12. b4 Bf5 13. Qc1 Ncd7 14. a3 Nb6 15. Nd1 Nfd7 16. Ne3 Be6 17. Qc2 f5 18. c5 Nd5 19. Nc4 e4 20. Bxg7 Kxg7 21. Nd4 Bf7 22. Rfe1 N7f6 23. Bh3 Kg8 24. f4 Rad8 25. Rad1 a5 26. Nxa5 Ne3 27. Qc1 Nxd1 28. Rxd1 Rd7 29. e3 Rfd8 30. Re1 Ra8 31. Qb2 Nd5 32. Qc1 Qf6 33. Rd1 Nxe3 34. Qxe3 Rad8 35. Nab3 Bxb3 36. Qxb3+ Kh8 37. Qc3 Rxd4 38. Rxd4 Qxd4+ 39. Qxd4+ Rxd4 40. Bf1 Kg7 41. Kf2 Rd2+ 42. Ke3 Ra2 0-1

[Event "St Petersburg Korchnoi Memorial op"]
[Site "St Petersburg"]
[Date "2019.08.19"]
[Round "6"]
[White "Avakian, Arkadii"]
[Black "Ufimtsev, Egor"]
[Result "0-1"]
[WhiteElo "1924"]
[BlackElo "2148"]
[PlyCount "61"]
[EventDate "2019.08.14"]
[EventType "swiss"]
[EventRounds "9"]
[EventCountry "RUS"]
[SourceTitle "CBM 192"]
[Source "ChessBase"]
[SourceDate "2019.10.31"]
[SourceVersion "1"]
[SourceVersionDate "2019.10.31"]
[SourceQuality "1"]

1. d4 d5 2. Nf3 Nf6 3. Bf4 c5 4. c3 Nc6 5. e3 Qb6 6. Qc2 g6 7. Bg5 h6 8. Bh4 cxd4 9. exd4 Bg7 10. Qb3 0-0 11. Qxb6 axb6 12. Nbd2 Nh5 13. Bg3 Nxg3 14. hxg3 Re8 15. Bb5 e5 16. dxe5 f6 17. e6 Rxe6+ 18. Kd1 Re8 19. Nd4 f5 20. N2b3 Bd7 21. Be2 Nxd4 22. Nxd4 Ra4 23. Kd2 h5 24. b3 Bxd4 25. cxd4 Rxd4+ 26. Kc3 Rde4 27. Bf3 R4e7 28. Rhe1 Be6 29. Kd4 Kg7 30. Rac1 Kf6 31. Re3 0-1

[Event "St Petersburg Korchnoi Memorial op"]
[Site "St Petersburg"]
[Date "2019.08.16"]
[Round "3"]
[White "Arbuzov, Mikhail"]
[Black "Avakian, Arkadii"]
[Result "1/2-1/2"]
[WhiteElo "2198"]
[BlackElo "1924"]
[PlyCount "68"]
[EventDate "2019.08.14"]
[EventType "swiss"]
[EventRounds "9"]
[EventCountry "RUS"]
[SourceTitle "CBM 192"]
[Source "ChessBase"]
[SourceDate "2019.10.31"]
[SourceVersion "1"]
[SourceVersionDate "2019.10.31"]
[SourceQuality "1"]

1. d4 Nf6 2. c4 g6 3. f3 Bg7 4. e4 d6 5. Nc3 0-0 6. Be3 e5 7. d5 Nh5 8. Qd2 f5 9. Bd3 Nd7 10. Nge2 Nc5 11. Bc2 a5 12. exf5 gxf5 13. 0-0-0 Bd7 14. h3 e4 15. fxe4 Nxe4 16. Nxe4 fxe4 17. g4 Nf6 18. Nf4 Qe7 19. g5 Ne8 20. Nh5 Be5 21. Rdg1 Bf5 22. Nf6+ Kh8 23. Nxe4 Ng7 24. Nf6 Bxc2 25. Kxc2 Nf5 26. Ng4 Bg7 27. Bf2 Qe8 28. Re1 Qa4+ 29. Kb1 Qxc4 30. Nh6 Nd4 31. Bxd4 Qxd4 32. Qxd4 Bxd4 33. Re2 Be5 34. h4 Kg7 1/2-1/2

[Event "St Petersburg Korchnoi Memorial op"]
[Site "St Petersburg"]
[Date "2019.08.15"]
[Round "2"]
[White "Avakian, Arkadii"]
[Black "Goltsev, Dmitry"]
[Result "1/2-1/2"]
[WhiteElo "1924"]
[BlackElo "2295"]
[PlyCount "55"]
[EventDate "2019.08.14"]
[EventType "swiss"]
[EventRounds "9"]
[EventCountry "RUS"]
[SourceTitle "CBM 192"]
[Source "ChessBase"]
[SourceDate "2019.10.31"]
[SourceVersion "1"]
[SourceVersionDate "2019.10.31"]
[SourceQuality "1"]

1. d4 Nf6 2. Nf3 e6 3. Bf4 b6 4. e3 Bb7 5. Bd3 d6 6. 0-0 g6 7. h3 Bg7 8. c3 Nbd7 9. Nbd2 Qe7 10. Nc4 0-0 11. Bh2 Ne4 12. Qc2 f5 13. Ncd2 Nxd2 14. Nxd2 e5 15. dxe5 Nxe5 16. Be2 Bh6 17. Bxe5 dxe5 18. Rfd1 Rfd8 19. Nf3 c5 20. Rxd8+ Rxd8 21. Rd1 Rxd1+ 22. Qxd1 e4 23. Bc4+ Kg7 24. Nd4 Kf6 25. Nb5 Ba6 26. Nd6 Bxc4 27. Nxc4 Bf8 28. a4 1/2-1/2

[Event "St Petersburg Korchnoi Memorial op"]
[Site "St Petersburg"]
[Date "2019.08.14"]
[Round "1"]
[White "Badelka, Olga"]
[Black "Avakian, Arkadii"]
[Result "1/2-1/2"]
[WhiteElo "2402"]
[BlackElo "1924"]
[PlyCount "76"]
[EventDate "2019.08.14"]
[EventType "swiss"]
[EventRounds "9"]
[EventCountry "RUS"]
[SourceTitle "CBM 192"]
[Source "ChessBase"]
[SourceDate "2019.10.31"]
[SourceVersion "1"]
[SourceVersionDate "2019.10.31"]
[SourceQuality "1"]

1. c4 Nf6 2. Nc3 g6 3. d4 Bg7 4. e4 d6 5. Be2 0-0 6. Be3 Nbd7 7. g4 e5 8. g5 Ne8 9. d5 f5 10. gxf6 Nexf6 11. h4 Nc5 12. Bf3 a5 13. Nh3 Bd7 14. Qe2 Qc8 15. Ng1 h5 16. Bg2 Ng4 17. Bxc5 dxc5 18. f3 Nf6 19. 0-0-0 Ne8 20. Bh3 Nd6 21. Kb1 Bh6 22. a4 Bxh3 23. Nxh3 Qd8 24. Rdg1 Kh7 25. Nb5 Nxb5 26. cxb5 Qf6 27. Ng5+ Bxg5 28. Rxg5 Qxf3 29. Qxf3 Rxf3 30. Rxe5 Kg7 31. Re7+ Rf7 32. Rxf7+ Kxf7 33. Kc2 Kf6 34. Kd3 Re8 35. Rf1+ Ke7 36. e5 Rg8 37. Ke4 g5 38. hxg5 Rxg5 1/2-1/2